=LDR 00000nam 2200000 4500 =001 INLIS000000000026098 =005 20130612124548 =008 ***********************************Ind** =035 ##$$0010-061300000026098 =041 ##$$a Ind =082 ##$$a 669.72 =090 ##$$a 669.72, Her m =100 ##$$a Herman =245 ##$$a Menggambar teknik mesin praktis menrut standar I.S.O, Herman =260 ##$$a 1990 $b Bandung =300 ##$$a 142 hlmbilus, 29 cm =650 ##$$a Teknik - Menggambar =850 ##$$a NBPNMAT =990 ##$$a 0001/BPAP-NTB/2016 =990 ##$$a 86528652 =990 ##$$a 01201708652 =990 ##$$a 00052638 =990 ##$$a 0001/BPAP-NTB/2016